Cómo se cultivan las hortalizas de hoja /

Guardado en:
Autor Principal: Leñano, Fausto
Formato: Libro
Publicado: Barcelona : De Vecchi, 1973
Materias:
Etiquetas: Agregar Etiqueta
Sin Etiquetas, Sea el primero en etiquetar este registro!
LEADER 00849nam a22002055a 4500
001 CEM.cems015965
005 20141030055108.0
008 130507s1973##################000#0#####d
003 CEMS
020 |a 8431520108 
082 0 4 |a 635.3 
100 1 |a Leñano, Fausto 
245 1 0 |a Cómo se cultivan las hortalizas de hoja /  |c Fausto Leñano, 
260 |a Barcelona :  |b De Vecchi,  |c 1973 
300 |a 228 p. 
505 0 |a Espárrago -- Hinojo -- Alcachofa -- Lechugas y escarolas -- Valerianela de huerta -- Achicoria -- Coliflor -- Bróculi o brécol -- Col - Repollo -- Col rizada o de Milán -- Col de Bruselas -- Espinaca -- Acelga -- Apio -- Cardo -- Ruibarbo -- Perejil -- Berros -- Plantas aromáticas 
653 |a Agricultura 
653 |a Hortalizas de hoja 
653 |a Horticultura 
859 |a CEMS  |b BIB. CEMS - Agricultura  |h 635.3  |i L548  |p A11010.82  |t Ej.1